Peter Pan (Registro nro. 14369)

Detalles MARC
000 -LIDER
fixed length control field 00665nam a22002537a 4500
001 - NÚMERO DE CONTROL
Identificador de número de control 00723
003 - IDENTIFICACDOR DE NÚMERO DE CONTROL
control field DO-SdBPM
005 - DATE AND TIME OF LATEST TRANSACTION
control field 20250523113329.0
007 - CAMPOS FIJOS DE DESCRIPCIÓN FÍSICA
fixed length control field 00723
008 - ELEMENTOS DE LONGITUD FIJA
fixed length control field 160706b 20uu sp| 0 spa d
020 ## - ISBN
International Standard Book Number 8430571256
040 ## - FUENTE DE CATALOGACIÓN
Agencia que crea de manera original el registro DO-SdBPM
Idioma de catalogación spa
Agencia que realiza la transcripción BPMSU
082 #4 - NÚMERO DE CLASIFICACIÓN DECIMAL DE DEWEY
Classification number 808.83
Item number P478p
Edition number 22
245 00 - MENCIÓN DE TITULO
Título Peter Pan
Mención de responsabilidad
260 ## - PUBLICACIÓN, DISTRIBUCIÓN, ETC. (PIE DE IMPRENTA)
Lugar de publicación, distribución, etc Madrid : :
Nombre del editor, distribuidor, etc. Ediciones Susaeta,
Fecha de publicación, distribución, etc [200-?]
300 ## - DESCRIPCIÓN FÍSICA
Extensión [16 p] :
Otros detalles físicos il.,
Dimensiones 32 cm.
490 0# - MENCIÓN DE SERIES
Mención de serie Arlequín
590 ## - NOTA LOCAL
Enlace Inventariado, 2023/VM
650 #4 - ENCABEZAMIENTO DE MATERIA--TEMÁTICO
Subdivisión temática general Literatura infantil
Término temático o nombre geográfico como elemento de entrada
Mención de responsabilidad
650 #4 - ENCABEZAMIENTO DE MATERIA--TEMÁTICO
Término temático o nombre geográfico como elemento de entrada Cuentos infantiles
710 2# - ASIENTO SECUNDARIO -- NOMBRE CORPORATIVO
Nombre corporativo o de jurisdicción Ediciones Susaeta
910 ## - VALIDACIÓN
Validación VMateo V. Control de calidad (BPMSU)
942 ## - ADDED ENTRY ELEMENTS (KOHA)
Source of classification or shelving scheme Dewey Decimal Classification
Koha item type Libros
Existencias
Withdrawn status Lost status Source of classification or shelving scheme Damaged status Not for loan Collection code Home library Current library Date acquired Full call number Barcode Date last seen Price effective from Koha item type
    Dewey Decimal Classification     Colección Infantil General Biblioteca Pública Metropolitana Salomé Ureña Biblioteca Pública Metropolitana Salomé Ureña 03/09/2023 BPMSU CGI 808.83 P478p BPMSU25050084 03/09/2023 03/09/2023 Libros